| 000 | 00461nam a2200169Ia 4500 | ||
|---|---|---|---|
| 008 | 121129t1989 xxu||||| |||| 00| 0 sin d | ||
| 041 | _asin | ||
| 080 |
_aX8S1 _bTHI |
||
| 100 | _aGamini Thilakarathna Keppetipola | ||
| 245 | _aයුගයකට බුරති | ||
| 246 | _aYugayakata Burathi | ||
| 260 |
_bThilaka Mudhdhranalaya _aBandarawela _c1989 |
||
| 300 | _b59p., 24 cm | ||
| 942 | _cBK | ||
| 999 |
_c76259 _d76259 |
||
| 003 | LK-CoDNM | ||
| 040 |
_aLK-CoDNM _dLK-CoDNM _eLK-CoDNM |
||